000 00518nam a2200205 a 4500
001 BS0001890
003 BR-BrBNA
005 20230929142505.0
008 230308b |||||||| |||| 00| 0 por d
040 _aBR-BrBNA
_bpor
_cBiblioteca Nacional de Agricultura
041 _apor
072 _aS86
090 _aS86
_bBS0001890
100 1 _aAmado, Jorge.
245 1 _aO Sumiço da Santa /
260 3 _aRio de Janeiro, RJ:
_bRecord,
_c1988.
300 _a438 p.
650 _aLiteratura Brasileira
942 _cBK
_2AGRIS
999 _c6950
_d6950